1457 1322 1970 1708 1785 1848 1340 1980 1656 1139 1298 1851 1777 1160 1656 1239 1054 1699 1482 1150 1676 1892 1463 1155 1608 1071 1224 1780 1814 1531 1857 1582 1330 1935 1688 1079 1082 1379 1842 1665 1829 1355 1659 1054 1074 1942 1355 1842 1804 1498 1862 1856 1549 1489 1770 1840 1892 1653 1328 1022 1292 1333 1487 1333 1952 1783 1409 1757 1874 1348 1400 1242 1381 1842 1602 1111 1828 1543 1620 1606 1707 1385 1028 1074 1387 1546 1609 1078 1684 1699 1784 1181 1256 1928 1599 1448 1923 1422 1975 BCNSPRNW ULIB Ver.6.0+V

เปลี่ยนเป็นภาษาไทย

Change to English
 แสดงรายละเอียดบรรณานุกรม
  กลับหน้าหลัก

Brief Record : Get Marc (ISO 2709) : E-mail record : QR code < ปิดหน้าต่าง
LEADER : 00000nam 2200000uu 4500
001    13399112058
003     ULIB
008    110725s2551||||th 000 0 tha d
020    9789740553687
050  4 H62^bว725ต 2551
100 0  วิไล มาศจรัส
245 10 ตัวอย่างการวิจัยและพัฒนา (The Research & Development) การเปรียบเทียบผลสัมฤทธิ์ทางการเรียนคณิตศาสตร์ของนักเรียนที่เรียนโดยการจัดกิจกรรมเพื่อพัฒนาความรู้สึกเกี่ยวกับจำนวนกับการเล่าเรียนแบบปกติ /^cวิไล มาศจรัส ; ปานรวี ยงยุทธวิชัย, บรรณาธิการ
260    กรุงเทพฯ :^bธารอักษร,^c2551
300    149 หน้า
504    บรรณานุกรม: หน้า 147-148
650  7 คณิตศาสตร์^xการศึกษาเเละการสอน
650  7 การสอน^xวิจัย
700 0  ปานรวี ยงยุทธวิชัย
945    ^p180^l0^i024107
945    ^p180^l0^i024108
995    ทศพร
999 ^a ทศพร
รายการนี้ยังไม่มีแท็ก
คุณยังไม่ได้ล็อกอิน คุณสามารถมีกิจกรรมร่วมกับเว็บไซต์ได้ แต่ต้องล็อกอินก่อน ::
  ล็อกอิน

รายการสื่อสารสนเทศ

ลำดับที่ ประเภท เลขเรียก/บาร์โค้ด สถานที่ สถานะ
- ไม่พบข้อมูล -

รายการใกล้เคียง
    ผู้แต่ง [วิไล มาศจรัส]

BibComment


ยังไม่เคยถูกคอมเมนท์

คอมเมนท์ทรัพยากรรายการนี้
  คอมเมนท์: ตัวอย่างการวิจัยแ..


 Copyright 2026. Bcnsprnw @Library